000 00597nam a22002297a 4500
003 UA-OsUOA
001 96821
007 ta
008 20130322b un ||||| |||| 00| 0 ukr d
100 _aМэрдок А.
090 _a821.111
_bМ97
942 _cBK
040 _aUA-OsUOA
_brus
_cUA-OsUOA
_dUA-OsUOA
245 _aПод сетью. Дикая роза
_bРоманы
300 _a458 с.
955 _a3
041 _arus
080 _a821.111
260 _aМ.
_bРадуга
_c1989
650 7 _a82 Література. Літературознавство
_2UDC
999 _c383071
_d383071